00363nam a22001337a 4500003000500000005001700005008004100022020001800063050002200081100002000103245004300123260003900166300002400205PILC20151014104403.0151014b xxu||||| |||| 00| 0 eng d a9780061968310 aPZ 7b.Ah285 2009 aAhern, Cecelia. aThe book of tomorrow /cCecelia Ahern. aNew York :bHarper Collins,c2009. a320 pages ;c19 cm.